| 000 | 00364nam a2200145Ia 4500 | ||
|---|---|---|---|
| 008 | 150201s2010 xx 000 0 und d | ||
| 082 |
_a610.73 _bM10P |
||
| 100 | _aPRAKASH , RATNA | ||
| 245 | _aMANIPAL MANUAL OF NURSING PROCEDURES FUNDAMENTAL NURSING | ||
| 250 | _a1ST | ||
| 260 |
_bCBS _aDELHI _c2010 |
||
| 300 | _a228 | ||
| 650 | _aNURSING | ||
| 942 |
_2ddc _cBK _05 |
||
| 999 |
_c2019 _d2019 |
||